|
|
|
|
| LEADER |
00000nam0a2200000 4500 |
| 001 |
268369 |
| 005 |
20231101234148.0 |
| 035 |
|
|
|a (RuTPU)RU\TPU\book\291520
|
| 090 |
|
|
|a 268369
|
| 100 |
|
|
|a 20140902d1986 km y0rusy5003 ca
|
| 101 |
0 |
|
|a rus
|
| 102 |
|
|
|a UZ
|
| 105 |
|
|
|a a z 001zy
|
| 200 |
1 |
|
|a Геология, условия формирования и поисковые признаки месторождений рудных полезных ископаемых Тянь-Шаня
|e [сборник статей]
|f Среднеазиатский научно-исследовательский институт геологии и минерального сырья (САИГИМС)
|
| 210 |
|
|
|a Ташкент
|c Изд-во САИГИМС
|d 1986
|
| 215 |
|
|
|a 109 с.
|c ил., карт.
|d 20 см
|
| 320 |
|
|
|a Библиогр. в конце статей
|
| 606 |
1 |
|
|a Рудные (металлоносные) месторождения
|2 stltpush
|3 (RuTPU)RU\TPU\subj\26025
|9 50044
|
| 610 |
1 |
|
|a геология
|
| 610 |
1 |
|
|a формирование
|
| 610 |
1 |
|
|a рудообразование
|
| 610 |
1 |
|
|a рудные полезные ископаемые
|
| 610 |
1 |
|
|a размещение
|
| 610 |
1 |
|
|a Тянь-Шань
|
| 610 |
1 |
|
|a редкометальное оруденение
|
| 610 |
1 |
|
|a вольфрамовое оруденение
|
| 610 |
1 |
|
|a свинцово-цинковое оруденение
|
| 610 |
1 |
|
|a золотое оруденение
|
| 610 |
1 |
|
|a прогнозирование
|
| 610 |
1 |
|
|a Средняя Азия
|
| 675 |
|
|
|a 553.3/.4
|z rus
|v 4
|
| 712 |
0 |
2 |
|a Среднеазиатский научно-исследовательский институт геологии и минерального сырья (САИГИМС)
|c (Ташкент)
|c (1957-1994)
|2 stltpush
|3 (RuTPU)RU\TPU\col\10266
|
| 801 |
|
0 |
|a RU
|b RuMRKP
|c 19960705
|g psbo
|
| 801 |
|
1 |
|a RU
|b 63413507
|c 20140902
|
| 801 |
|
2 |
|a RU
|b 63413507
|c 20170220
|g RCR
|
| 942 |
|
|
|c BK
|